书目信息 |
| 题名: |
费尔巴哈与德国古典哲学的终结
|
|
| 作者: | 恩格斯 著 ;张仲实 译 | |
| 分册: | ||
| 出版信息: | 北京 人民出版社 1966 |
|
| 页数: | 176页 | |
| 开本: | 20cm | |
| 丛书名: | ||
| 单 册: | ||
| 中图分类: | A12 | |
| 科图分类: | ||
| 主题词: | 马恩著作--单行本 | |
| 电子资源: | ||
| ISBN: | ||
| 000 | 00675nam0 2200229 450 | |
| 001 | 0753392601 | |
| 005 | 20070924145055.93 | |
| 010 | @dCNY0.46 | |
| 091 | @a1001.10 | |
| 100 | @a20070924d1966 km y0chiy0120 ea | |
| 101 | 0 | @achi |
| 102 | @aCN@b110000 | |
| 102 | @aCN@b110000 | |
| 200 | 1 | @a费尔巴哈与德国古典哲学的终结@Afei er ba ha yu de guo gu dian zhe xue de zhong jie@f恩格斯著@Fen ge si zhu@g张仲实译@Gzhang zhong shi yi |
| 210 | @a北京@c人民出版社@d1966 | |
| 215 | @a176页@d20cm | |
| 606 | 0 | @a马恩著作@x单行本 |
| 690 | @aA12@v3 | |
| 701 | 0 | @a恩格斯@Aen ge si@4著 |
| 702 | 0 | @a张仲实@Azhang zhong shi@4译 |
| 801 | 0 | @aCN@bPFT@c20070924 |
| 905 | @a10447@dA12@e43 | |
| 费尔巴哈与德国古典哲学的终结/恩格斯著/张仲实译.-北京:人民出版社,1966 |
| 176页;20cm |
| ISBN :CNY0.46 |
| ● |
| 相关链接 |
|
|
|
|
正题名:费尔巴哈与德国古典哲学的终结
索取号:A12/43
 
预约/预借
| 序号 | 登录号 | 条形码 | 馆藏地/架位号 | 状态 | 备注 |
| 1 | 0624755 | 206247550 | 第一样本阅览室/ [索取号:A12/43] | 在馆 |